Poets by Two Poems Quiz Stats

 Plays Quiz Updated Jan 23, 2015

Challenge
Share
Tweet
Embed
Score 0/25 Timer 06:00
5 Plays Today
% Correct
Edgar Allen Poe
89.8%
Maya Angelou
81.9%
Robert Frost
74.2%
Walt Whitman
64.3%
e.e. cummings
63.8%
John Keats
60.6%
Emily Dickinson
57.8%
Percy Bysshe Shelley
52.1%
Elizabeth Barrett Browning
51.8%
Langston Hughes
50.4%
Sylvia Plath
47.9%
William Butler Yeats
46.6%
Robert Burns
44.8%
% Correct
Lord Byron
44.3%
William Carlos Williams
42.4%
Robert Browning
39.5%
Gwendolyn Brooks
31%
Seamus Heaney
30.6%
W.H. Auden
30.3%
Anne Sexton
29.4%
Charles Bukowski
27.7%
Philip Larkin
22.3%
Gertrude Stein
21.5%
Billy Collins
20.5%
Ted Kooser
18.4%

You're not logged in!

Compare scores with friends on all Sporcle quizzes.
OR
Log In

You Might Also Like...

Show Comments

Extras

Top Quizzes Today


Score Distribution

Your Account Isn't Verified!

In order to create a playlist on Sporcle, you need to verify the email address you used during registration. Go to your Sporcle Settings to finish the process.

Report this User

Report this user for behavior that violates our Community Guidelines.

Details: